000 00909cam a2200301 4500
001 B1673
008 090401t1982 xxu||||| |||| 00| 0 eng d
035 _a(Sirsi) u45698
041 _aeng
050 _a333.33016
110 _aMichael Laurie and Partners
_92368
245 _aProperty performance index (incorporating an analysis of commercial property values 1962 - 1981)
260 _aLondon
_bEconomist Intelligence Unit Limited
_c1982
300 _a20p. ; 30cm.
350 _a0
520 _aStudy commissioned from Economist Intelligence Unit. Includes the FRC property index .
650 _aCAPITAL VALUES
650 _aFRANK RUSSELL COMPANY
650 _aINDUSTRIAL PROPERTY
650 _aOFFICES
650 _aPROPERTY INDEXES
650 _aPROPERTY INVESTMENT
650 _aRENT
650 _aSHOPS
650 _aUNITED STATES OF AMERICA
942 _n0
948 _c04/03/1997
999 _c91805
_d91805